Guess the Taylor Swift Song (Speak Now TV) 18 - Statistics

General Stats
  • This quiz has been taken 11 times
  • The average score is 237 of 321
Answer Stats
Answer % Correct
a
100%
an
100%
And
100%
and
100%
I
100%
not
100%
who
100%
Who
100%
you
100%
you?
100%
You
100%
you've
100%
are
89%
be
89%
been
89%
can't
89%
did
89%
Did
89%
in
89%
is
89%
Is
89%
it
89%
know
89%
me
89%
now
89%
of
89%
on
89%
the
89%
then
89%
time
89%
Time
89%
to
89%
what
89%
when
89%
where
89%
your
89%
Your
89%
You're
89%
Always
78%
back
78%
If
78%
just
78%
see
78%
some
78%
still
78%
things
78%
this
78%
tryin'
78%
up
78%
32
67%
again
67%
all
67%
But
67%
days?
67%
down
67%
everything
67%
growin'
67%
had
67%
innocent
67%
It's
67%
life
67%
lights
67%
Lost
67%
Oh,
67%
oh,
67%
oh
67%
okay,
67%
ou?
67%
Someone
67%
too,
67%
too
67%
wait
67%
Wasn't
67%
wouldn't
67%
at
56%
balance
56%
Before
56%
bigger
56%
catchin'
56%
crowd
56%
easier
56%
everybody
56%
fell
56%
get
56%
have
56%
late
56%
like
56%
live
56%
mind
56%
never
56%
new
56%
only
56%
out
56%
really
56%
speak
56%
tightrope
56%
tightrope,
56%
tough
56%
You'll
56%
bed
44%
believed
44%
brand
44%
bright
44%
brought
44%
change
44%
crawl
44%
Everyone
44%
firefly
44%
guess
44%
has
44%
hope
44%
Into
44%
Left
44%
lunchbox
44%
night
44%
ooh,
44%
ooh
44%
remember
44%
seen
44%
string
44%
us
44%
alright,
33%
asleep
33%
beautiful
33%
caught
33%
floor
33%
messed
33%
Minds
33%
monsters
33%
reach
33%
runnin'
33%
Septembers
33%
shattered
33%
til
33%
Today
33%
warpath
33%
weather
33%
wild
33%
yourself
33%
embers
22%
flames
22%
to y
22%
turns
22%
No matching quizzes found
Score Distribution
Percent of People with Each Score
Percentile by Number Answered
Your Score History
You have not taken this quiz